000 00220 a2200097 4500
001 4565
100 _aRogers,G.F.C
245 _aEngg thermodynamics worked heat transfer
260 _a
_bLongmans
_c
090 _c3761
_d3761
942 _aNUST-CAE
_cM
_c30002
999 _c239638
_d239638